عرض عادي
عرض مارك
- الأطفال المعوقون
مدخل مصطلح موضوعي
001 - رقم الضبط
- حقل الضبط: 46865
003 - معرف رقم الضبط
- حقل الضبط: OSt
005 - تاريخ ووقت أخر عملية
- حقل الضبط: 20150114102615.0
008 - عناصر بيانات ثابتة الطول
- حقل تحكم ثابت الطول: 150114|| aca||aabn | a|a d
040 ## - مصدر الفهرسة
- هيئة الفهرسة الأصلية: OSt
- وكالة الكتابة: OSt
150 ## - مدخل-- مصطلح تاريخي
- عنصر مدخل المصطلح الموضوعي او الاسم الجغرافي: الأطفال المعوقون
- تفريع عام: تعليم.
670 ## - بيانات المصدر موجوده
- الاستشهاد بالمصدر: Work cat.: (OSt)36586: هنلي ، مارتن 46861, تدريس الطلبه ذوي الاعاقه البسيطه =
